Statistics for Leaders Of WWII

Click here to take the quiz!

General Stats

  • This quiz has been taken 30 times
    (29 since last reset)
  • The average score is 7 of 12

Answer Stats

CountryLeader% Correct
GermanyAdolf Hitler
96%
ItalyBenito Mussolini
96%
Soviet UnionJoseph Stalin
96%
UKWinston Churchill
96%
USAFranklin D. Roosevelt
88%
JapanHirohito
80%
FranceCharles De Gaulle
64%
YugoslaviaJosip Tito
64%
CzechoslovakiaEdvard Benes
16%
BulgariaTsar Boris III
12%
CanadaWilliam Lyon Mackenzie King
4%
PolandWladyslaw Sikorski
4%

Score Distribution

Percentile by Number Answered

Percent of People with Each Score

Your Score History

You have not taken this quiz since the last reset